Harry Potter y la cámara secreta
Saved in:
| Main Author: | |
|---|---|
| Format: | Book |
| Language: | Spanish |
| Published: |
Buenos Aires
Emecé
1999
|
| Series: | Emecé Juvenil
|
| Subjects: | |
| Tags: |
Add Tag
No Tags, Be the first to tag this record!
|
MARC
| LEADER | 00000nam a2200000 a 4500 | ||
|---|---|---|---|
| 001 | UCM2436 | ||
| 003 | CL-VaPUC | ||
| 008 | 020510e19990000AG |||||||||||||||||spa|d | ||
| 082 | 0 | 4 | |a 823 |b ROW |2 21 |
| 100 | 0 | |a Rowling, Joanne K |e author |9 469191 | |
| 245 | 1 | 0 | |a Harry Potter y la cámara secreta |
| 300 | |a 290 p | ||
| 942 | |c BK | ||
| 945 | |d 20020510 00:00:00 |a cmena | ||
| 260 | |a Buenos Aires |b Emecé |c 1999 | ||
| 650 | 0 | |a Novelas inglesas |9 265220 | |
| 650 | 0 | |a Literatura juvenil |9 309909 | |
| 583 | |a last modification |c 20020510 00:00:00 |k Rodrigo Vera | ||
| 490 | 0 | |a Emecé Juvenil | |
| 999 | |c 300281 |d 300279 | ||
| 952 | |0 0 |1 0 |4 0 |6 823_000000000000000_ROW_1999 |7 0 |8 A |9 357862 |a BIBEDU |b BIBEDU |d 2019-11-21 |i 3659984 |l 1 |o 823 ROW 1999 |p 3659984 |r 2024-09-30 |s 2024-09-23 |w 2019-11-21 |y BK |k LIT | ||